| 000 | 00834nam a2200217 a 4500 | ||
|---|---|---|---|
| 001 | 000022712 | ||
| 005 | 20200930021743.0 | ||
| 008 | 101116s1971 cr r 001 0 spa d | ||
| 040 |
_aDO-SdBNP _bspa _cBNPHU |
||
| 082 |
_annnn _bG216G |
||
| 100 | 1 |
_aGarcía Monge, Joquín, _d1881-1958 _946679 |
|
| 245 | 1 | 0 |
_aJoaquín García Monge / _cJoaquín García Monge ; selección y prólogo de Victoria Garrón de Doryan. |
| 260 |
_aSan José, Costa Rica : _bMinisterio de Cultura, Juventud y Deportes, _c1971. |
||
| 300 |
_a166 p. ; _c19 cm. |
||
| 490 | 1 |
_a¿Quién fué y qué hizo? _v1 |
|
| 504 | _aIncluye referencias bibliográficas y notas al pie de las páginas. | ||
| 504 | _aBibliografía: (159-160) | ||
| 700 | 1 |
_aGarrón de Doryan, Victoria, _epról. _946680 |
|
| 830 | 1 |
_a¿Quién fué y qué hizo? ; _v1 _916206 |
|
| 049 | _aBNGR | ||
| 999 |
_c22209 _d22209 |
||